MARC

Tag First Indicator Second Indicator Subfields
LEADER 00000cam a2200000 4500
001 in00001576521
005 20220103181815.0
006 m u
007 cr cn|||||||||
008 001009s1996 inua sb s001 0 eng
010 |z 95033576 
020 |a 0585202931 (electronic bk.) :  |c $39.95 
020 |z 0253330424 (alk. paper) 
035 |a 23168  |b (N$T) 
035 |a nL23168 
040 |a N$T  |c N$T  |d UtOrBLW 
043 |a n-us--- 
050 1 0 |a PS217.C58  |b E38 1996eb 
082 0 4 |a 810.9/358  |2 20 
100 1 |a Eiselein, Gregory,  |d 1965-  |0 http://id.loc.gov/authorities/names/n95083044 
245 1 0 |a Literature and humanitarian reform in the Civil War era /  |c Gregory Eiselein. 
264 1 |a Bloomington, Ind. :  |b Indiana University Press,  |c [1996] 
264 4 |c ©1996 
300 |a xi, 215 pages :  |b illustrations ;  |c 25 cm. 
336 |a text  |b txt  |2 rdacontent 
337 |a computer  |b c  |2 rdamedia 
338 |a online resource  |b cr  |2 rdacarrier 
490 1 |a Philanthropic studies 
504 |a Includes bibliographical references (pages [173]-208) and index. 
533 |a Electronic reproduction.  |b Boulder, Colo. :  |c NetLibrary,  |d 2000.  |n Available via World Wide Web.  |n Access may be limited to NetLibrary affiliated libraries. 
500 |a Electronic resource. 
650 0 |a American literature  |y 19th century  |x History and criticism.  |0 http://id.loc.gov/authorities/subjects/sh2007101047 
651 0 |a United States  |x History  |y Civil War, 1861-1865  |x Literature and the war.  |0 http://id.loc.gov/authorities/subjects/sh85140245 
651 0 |a United States  |x History  |y Civil War, 1861-1865  |x Civilian relief.  |0 http://id.loc.gov/authorities/subjects/sh85140223 
650 0 |a Authors, American  |y 19th century  |x Political and social views. 
650 0 |a Literature and society  |z United States  |x History  |y 19th century.  |0 http://id.loc.gov/authorities/subjects/sh2008107005 
650 0 |a Social problems  |z United States  |x History  |y 19th century. 
650 0 |a Charities  |z United States  |x History  |y 19th century. 
650 0 |a Social problems in literature.  |0 http://id.loc.gov/authorities/subjects/sh85123990 
655 0 |a Electronic books. 
710 2 |a NetLibrary, Inc.  |0 http://id.loc.gov/authorities/names/no99080690 
776 0 |c Original  |w (DLC) 95033576 
830 0 |a Philanthropic studies.  |0 http://id.loc.gov/authorities/names/n91036469 
856 4 1 |u https://proxy.library.tamu.edu/login?url=http://www.netLibrary.com/urlapi.asp?action=summary&v=1&bookid=23168  |z Connect to the full text of this electronic book  |t 0 
999 |a MARS 
999 f f |s 426618f4-759f-3d1f-b364-6d2c81217f9e  |i 1d01ddc3-bbca-39e8-8d4b-3e98742aba1d  |t 0 
952 f f |a Texas A&M University  |b College Station  |c Electronic Resources  |d Available Online  |t 0  |e PS217.C58 E38 1996eb  |h Library of Congress classification 
998 f f |a PS217.C58 E38 1996eb  |t 0  |l Available Online